| 000 | 01421nam a2200349 c 4500 | ||
|---|---|---|---|
| 003 | BLK | ||
| 005 | 20180420224419.0 | ||
| 008 | 180408b bul|||||r ||||||| ||bul|| | ||
| 010 | _aKNG00083459000 | ||
| 040 | _aBLK | ||
| 041 |
_aBUL _cBUL |
||
| 080 |
_aВоенна история - Военни походи, битки, героични подвизи. Вж и 93/99 _b355.48 _x(497.2)(092)(093.3) _z355.48(497.2)(092)(093.3) |
||
| 080 |
_aБългарски офицер - Русенско военно окръжие _b929 Папазов, Петър Стоянов _x _z929 Папазов, Петър Стоянов |
||
| 100 | 1 |
_aГагов, Атанас _eпърви автор _9273257 |
|
| 139 |
_aГагов, Атанас _bП 21 |
||
| 245 | 1 | 0 |
_aПолковник ОЗ Петър Папазов на 80 години _cАтанас Гагов. |
| 257 | _aBGR | ||
| 260 |
_аРусе _bИзд. авт. _c2007 |
||
| 300 |
_a32 с. _bсъс сн. _c21 см |
||
| 380 | _a3 | ||
| 600 | 1 | 4 |
_aПапазов, Петър Стоянов _9298981 |
| 650 | 4 |
_aОфицери, български - спомени _9246457 |
|
| 651 | 4 |
_aРусе _9179462 |
|
| 653 | _aПетър Папазов | ||
| 653 | _aбългарски офицери | ||
| 653 | _aВоенно окръжие | ||
| 852 | _aЦб 239825 | ||
| 856 | 4 |
_qpdf _u |
|
| 856 | 4 |
_qpdf _u |
|
| 942 |
_cKNG _n0 |
||
| 944 |
_aCR _c23.04.2008 _kЛюдмила_Стоянова |
||
| 944 |
_aED _c25.04.2008 _k |
||
| 999 |
_c78991 _d78991 |
||